000 nam a22 4500
999 _c1501
_d1501
005 20170509163207.0
008 170509b1998 my ||||| |||| 00| 0 eng d
040 _aAKMAL
082 _a306.85 JAN
090 _a306.85
_bJAN
100 _aJANATHAN KANDOK
_91436
245 _aPEMBANGUNAN KELUARGA BAHAGIA /
_cJANATHAN KANDOK
260 _aSABAH
_bJABATAN CETAK KERAJAAN
_c1998
300 _a70ms.
_ccm
942 _2ddc
_cBOOK